|
|
|
|
| LEADER |
00856fam a2200193 a 4500 |
| 020 |
|
|
|a 1856493350 (hb.)
|
| 020 |
|
|
|a 1856493369 (pb.)
|
| 082 |
0 |
0 |
|a 306.46
|b SHI/B
|
| 100 |
|
|
|a Shiva,Vandana(Editors)
|a Moser,Ingunn(Editors)
|
| 245 |
0 |
0 |
|a Biopolitics :
|b a feminist and ecological reader on biotechnology /
|
| 260 |
|
|
|a London ;
|a Atlantic Highlands, N.J. :
|b Zed Books ;
|a Penang, Malaysia :
|b Third World Network,
|c 1995.
|
| 300 |
|
|
|a x, 294 p. ;
|
| 650 |
|
0 |
|a Biotechnology
|
| 650 |
|
0 |
|a Biotechnology
|
| 650 |
|
0 |
|a Feminist theory.
|
| 942 |
|
|
|c BK
|
| 999 |
|
|
|c 99568
|d 99568
|
| 952 |
|
|
|0 0
|1 0
|4 0
|6 306_460000000000000_SHI_B2
|7 0
|9 92811
|a SSS
|b SSS
|c GEN
|d 2012-02-17
|g 200.00
|l 0
|o 306.46 SHI/B;2
|p SSS02024
|r 2012-02-17
|w 2016-10-27
|y BK
|
| 952 |
|
|
|0 0
|1 0
|4 0
|6 306_460000000000000_SHI_B
|7 0
|9 92812
|a SSS
|b SSS
|c GEN
|d 2012-02-17
|g 260.00
|l 0
|o 306.46 SHI/B
|p SSS01950
|r 2012-02-17
|w 2016-10-27
|y BK
|